000 00719nam a2200229Ia 4500
001 9037
003 GE_BSU
008 181216s||||||||xx |||||||||||||| ||und||
040 _cGE_BSU
080 _a82-93
100 _aკობერიძე,კარლო
245 _aწინ ზარმაცებო!
245 _bმოთხრობები
245 _cრედ.ლ.ქადაგიშვილი.მხატვ. ლ.ყურაშვილი
260 _aთბილისი
260 _bნაკადული
260 _c1974
300 _a308გვ. 16სმ.
653 _aმოთხრობები
653 _aწინ ზარმაცებო!
942 _cBK
999 _c42341
_d42341